000 00707nam a2200217Ia 4500
001 7565
003 GE_BSU
008 181216s||||||||xx |||||||||||||| ||und||
040 _cGE_BSU
080 _aПроектирование междугородных станций.
100 _aИльин,О.К. Розенштеин,И.И.
245 _aПроектирование междугородных станций.
245 _bУчебник.
245 _cРед.Е.А.Образцова.
260 _aМ.
260 _bСвязь.
260 _c1973.
300 _a248стр.с илл.22см.
653 _aПроектирование междугородных станций.
942 _cBK
999 _c40920
_d40920